header

With honor (Record no. 45881)

MARC details
000 -LEADER
fixed length control field 01822nam a2200409 a 4500
082 04 - DEWEY DECIMAL CLASSIFICATION NUMBER
Classification number 355.6092
-- B
100 1# - MAIN ENTRY--AUTHOR NAME
Personal name Van Atta, Dale.
245 10 - TITLE STATEMENT
Title With honor
260 ## - PUBLICATION, DISTRIBUTION, ETC. (IMPRINT)
Place of publication Madison, Wis. :
Name of publisher University of Wisconsin Press,
Year of publication c2008.
300 ## - PHYSICAL DESCRIPTION
Number of Pages xviii, 641 p. :
Other physical details ill.
650 #0 - SUBJECT ADDED ENTRY--TOPICAL TERM
Topical Term Cabinet officers
Topical Term Vietnam War, 1961-1975
Topical Term Legislators
Topical Term Legislators
856 40 - ELECTRONIC LOCATION AND ACCESS
Uniform Resource Identifier http://site.ebrary.com/lib/rucke/Doc?id=10351487

No items available.

© 2026 Rongo University
Contact us: librarian | system librarian | Rongo university